15 Largest Cities in Washington🌲🏔 - Statistics

General Stats
  • This quiz has been taken 19 times
  • The average score is 10 of 15
Answer Stats
Population City % Correct
726,054 Seattle
100%
225,709 Spokane
93%
217,332 Tacoma
93%
110,438 Everett
80%
102,178 Spokane Valley
80%
188,331 Vancouver
80%
149,365 Bellevue
73%
90,545 Bellingham
73%
83,082 Kennewick
67%
134,890 Kent
67%
96,266 Yakima
67%
99,792 Federal Way
47%
105,313 Renton
40%
85,306 Auburn
27%
91,656 Kirkland
27%
No matching quizzes found
Score Distribution
Percent of People with Each Score
Percentile by Number Answered
Your Score History
You have not taken this quiz